书目信息 |
| 题名: |
回到语境的理性
|
|
| 作者: | 朱荣贤 著 | |
| 分册: | ||
| 出版信息: | 北京 中国社会科学出版社 2016 |
|
| 页数: | 252页 | |
| 开本: | 24cm | |
| 丛书名: | ||
| 单 册: | ||
| 中图分类: | B025.1 | |
| 科图分类: | ||
| 主题词: | 本质和现象--ben zhi he xian xiang--研究 | |
| 电子资源: | ||
| ISBN: | 978-7-5161-8822-4 | |
| 000 | 00955nam0 22002291 450 | |
| 001 | 1760960430 | |
| 005 | 20170619171940.0 | |
| 010 | @a978-7-5161-8822-4@dCNY66.00 | |
| 100 | @a20170117d2016 kemy0chiy50 ea | |
| 101 | 0 | @achi@deng |
| 102 | @aCN@b110000 | |
| 105 | @ay v 000yy | |
| 106 | @ar | |
| 200 | 1 | @a回到语境的理性@9hui dao yu jing de li xing@f朱荣贤著 |
| 210 | @a北京@c中国社会科学出版社@d2016 | |
| 215 | @a252页@d24cm | |
| 330 | @a本书从三个角度开展研究,得出理性未来的发展趋向在于再次回归语境:一是对理性发展历史的梳理与反思以及对未来趋向的展望;二是从现代科学的发展趋势以及后现代科学研究实践的角度开展研究;三是从实证案例角度,即通过分析案例中科学理性、技术理性和价值理性三大理性的关系及其与社会的相互联系,对研究中得出的结论进行验证。 | |
| 606 | 0 | @a本质和现象@9ben zhi he xian xiang@x研究 |
| 690 | @aB025.1@v5 | |
| 701 | 0 | @a朱荣贤@9zhu rong xian@f(1967~)@4著 |
| 801 | 0 | @aCN@b百万庄@c20170617 |
| 905 | @b1013757-9@dB025.1@e119@f3 | |
| 回到语境的理性/朱荣贤著 .-北京:中国社会科学出版社,2016 |
| 252页;24cm |
| ISBN 978-7-5161-8822-4:CNY66.00 |
| 本书从三个角度开展研究,得出理性未来的发展趋向在于再次回归语境:一是对理性发展历史的梳理与反思以及对未来趋向的展望;二是从现代科学的发展趋势以及后现代科学研究实践的角度开展研究;三是从实证案例角度,即通过分析案例中科学理性、技术理性和价值理性三大理性的关系及其与社会的相互联系,对研究中得出的结论进行验证。 |
| ● |
| 相关链接 |
|
|
|
|
正题名:回到语境的理性
索取号:B025.1/119
 
预约/预借
| 序号 | 登录号 | 条形码 | 馆藏地/架位号 | 状态 | 备注 |
| 1 | 1013757 | 210137573 | 第一样本阅览室/ [索取号:B025.1/119] | 在馆 | |
| 2 | 1013758 | 210137582 | 第一借阅区/ [索取号:B025.1/119] | 在馆 | |
| 3 | 1013759 | 210137591 | 教育系资料室/ [索取号:B025.1/119] | 在馆 |